<?xml version="1.0" encoding="UTF-8"?>
<record
    xmlns:xsi="http://www.w3.org/2001/XMLSchema-instance"
    xsi:schemaLocation="http://www.loc.gov/MARC21/slim http://www.loc.gov/standards/marcxml/schema/MARC21slim.xsd"
    xmlns="http://www.loc.gov/MARC21/slim">

  <leader>00922nam a22002417a 4500</leader>
  <controlfield tag="001">84744</controlfield>
  <controlfield tag="003">BD-RjUL</controlfield>
  <controlfield tag="005">20250306091253.0</controlfield>
  <controlfield tag="008">250304s1991    enk||||| |||| 00| 0 eng d</controlfield>
  <datafield tag="035" ind1=" " ind2=" ">
    <subfield code="a">(BD-RjUL)84744</subfield>
  </datafield>
  <datafield tag="040" ind1=" " ind2=" ">
    <subfield code="a">BD-RjUL</subfield>
    <subfield code="b">eng</subfield>
    <subfield code="c">BD-RjUL</subfield>
    <subfield code="d">DLC</subfield>
    <subfield code="e">DLC</subfield>
  </datafield>
  <datafield tag="041" ind1=" " ind2=" ">
    <subfield code="a">eng</subfield>
  </datafield>
  <datafield tag="082" ind1=" " ind2=" ">
    <subfield code="2">23</subfield>
    <subfield code="a">423</subfield>
    <subfield code="b">ENG 1991</subfield>
  </datafield>
  <datafield tag="245" ind1=" " ind2=" ">
    <subfield code="a">The Oxford English dictionary :</subfield>
    <subfield code="c">J. A. Simpson. S.C. Weiner</subfield>
  </datafield>
  <datafield tag="250" ind1=" " ind2=" ">
    <subfield code="a">Second ed. </subfield>
  </datafield>
  <datafield tag="260" ind1=" " ind2=" ">
    <subfield code="a">Oxford ;</subfield>
    <subfield code="b">New York :</subfield>
    <subfield code="c">1991</subfield>
  </datafield>
  <datafield tag="300" ind1=" " ind2=" ">
    <subfield code="a">(viii, 1078 p.)</subfield>
    <subfield code="c">30 cm.</subfield>
  </datafield>
  <datafield tag="500" ind1=" " ind2=" ">
    <subfield code="a">The Oxford English dictionary on historical principles. 1991</subfield>
  </datafield>
  <datafield tag="505" ind1=" " ind2=" ">
    <subfield code="a">Volume 2, Volume 11, Volume 9, Volume 3, Volume 20, Volume 6, Volume 4, Volume 8, Volume 7, Volume 1, Volume 5, Volume 10, Volume 12, Volume 14, Volume 8, Volume 16, Volume 15, Volume 18, Volume 17, Volume 19,</subfield>
  </datafield>
  <datafield tag="650" ind1=" " ind2=" ">
    <subfield code="2">English language</subfield>
    <subfield code="a">Dictionaries.</subfield>
  </datafield>
  <datafield tag="700" ind1=" " ind2=" ">
    <subfield code="a">Simpson, J. A. Weiner, S. C.</subfield>
    <subfield code="9">15123</subfield>
  </datafield>
  <datafield tag="942" ind1=" " ind2=" ">
    <subfield code="2">ddc</subfield>
    <subfield code="c">BK</subfield>
  </datafield>
  <datafield tag="999" ind1=" " ind2=" ">
    <subfield code="c">84744</subfield>
    <subfield code="d">84744</subfield>
  </datafield>
  <datafield tag="952" ind1=" " ind2=" ">
    <subfield code="0">0</subfield>
    <subfield code="1">0</subfield>
    <subfield code="2">ddc</subfield>
    <subfield code="4">0</subfield>
    <subfield code="7">1</subfield>
    <subfield code="a">RUCL</subfield>
    <subfield code="b">RUCL</subfield>
    <subfield code="c">REF</subfield>
    <subfield code="d">2011-02-15</subfield>
    <subfield code="e">Paragon Enterpries led.</subfield>
    <subfield code="l">0</subfield>
    <subfield code="o">R 423 ENG V-2 1991</subfield>
    <subfield code="r">2025-03-04 00:00:00</subfield>
    <subfield code="t">C-1</subfield>
    <subfield code="w">2025-03-04</subfield>
    <subfield code="y">BK</subfield>
  </datafield>
  <datafield tag="952" ind1=" " ind2=" ">
    <subfield code="0">0</subfield>
    <subfield code="1">0</subfield>
    <subfield code="2">ddc</subfield>
    <subfield code="4">0</subfield>
    <subfield code="7">1</subfield>
    <subfield code="a">RUCL</subfield>
    <subfield code="b">RUCL</subfield>
    <subfield code="c">REF</subfield>
    <subfield code="d">2011-02-17</subfield>
    <subfield code="e">Paragon Enterpries led.</subfield>
    <subfield code="l">0</subfield>
    <subfield code="o">R 423 ENG V-11 1991</subfield>
    <subfield code="r">2025-03-04 00:00:00</subfield>
    <subfield code="t">C-1</subfield>
    <subfield code="w">2025-03-04</subfield>
    <subfield code="y">BK</subfield>
  </datafield>
  <datafield tag="952" ind1=" " ind2=" ">
    <subfield code="0">0</subfield>
    <subfield code="1">0</subfield>
    <subfield code="2">ddc</subfield>
    <subfield code="4">0</subfield>
    <subfield code="7">1</subfield>
    <subfield code="a">RUCL</subfield>
    <subfield code="b">RUCL</subfield>
    <subfield code="c">REF</subfield>
    <subfield code="d">2011-02-15</subfield>
    <subfield code="e">Paragon Enterpries led.</subfield>
    <subfield code="l">0</subfield>
    <subfield code="o">R 423 ENG V-9 1991</subfield>
    <subfield code="r">2025-03-04 00:00:00</subfield>
    <subfield code="t">C-1</subfield>
    <subfield code="w">2025-03-04</subfield>
    <subfield code="y">BK</subfield>
  </datafield>
  <datafield tag="952" ind1=" " ind2=" ">
    <subfield code="0">0</subfield>
    <subfield code="1">0</subfield>
    <subfield code="2">ddc</subfield>
    <subfield code="4">0</subfield>
    <subfield code="7">1</subfield>
    <subfield code="a">RUCL</subfield>
    <subfield code="b">RUCL</subfield>
    <subfield code="c">REF</subfield>
    <subfield code="d">2011-02-15</subfield>
    <subfield code="e">Paragon Enterpries led.</subfield>
    <subfield code="l">0</subfield>
    <subfield code="o">R 423 ENG V-3 1991</subfield>
    <subfield code="r">2025-03-04 00:00:00</subfield>
    <subfield code="t">C-1</subfield>
    <subfield code="w">2025-03-04</subfield>
    <subfield code="y">BK</subfield>
  </datafield>
  <datafield tag="952" ind1=" " ind2=" ">
    <subfield code="0">0</subfield>
    <subfield code="1">0</subfield>
    <subfield code="2">ddc</subfield>
    <subfield code="4">0</subfield>
    <subfield code="7">1</subfield>
    <subfield code="a">RUCL</subfield>
    <subfield code="b">RUCL</subfield>
    <subfield code="c">REF</subfield>
    <subfield code="d">2011-03-17</subfield>
    <subfield code="e">Paragon Enterpries led.</subfield>
    <subfield code="l">0</subfield>
    <subfield code="o">R 423 ENG V-20 1991</subfield>
    <subfield code="r">2025-03-04 00:00:00</subfield>
    <subfield code="t">C-1</subfield>
    <subfield code="w">2025-03-04</subfield>
    <subfield code="y">BK</subfield>
  </datafield>
  <datafield tag="952" ind1=" " ind2=" ">
    <subfield code="0">0</subfield>
    <subfield code="1">0</subfield>
    <subfield code="2">ddc</subfield>
    <subfield code="4">0</subfield>
    <subfield code="7">1</subfield>
    <subfield code="a">RUCL</subfield>
    <subfield code="b">RUCL</subfield>
    <subfield code="c">REF</subfield>
    <subfield code="d">2011-02-15</subfield>
    <subfield code="e">Paragon Enterpries led.</subfield>
    <subfield code="l">0</subfield>
    <subfield code="o">R 423 ENG V-6 1991</subfield>
    <subfield code="r">2025-03-05 00:00:00</subfield>
    <subfield code="t">C-1</subfield>
    <subfield code="w">2025-03-05</subfield>
    <subfield code="y">BK</subfield>
  </datafield>
  <datafield tag="952" ind1=" " ind2=" ">
    <subfield code="0">0</subfield>
    <subfield code="1">0</subfield>
    <subfield code="2">ddc</subfield>
    <subfield code="4">0</subfield>
    <subfield code="7">1</subfield>
    <subfield code="a">RUCL</subfield>
    <subfield code="b">RUCL</subfield>
    <subfield code="c">REF</subfield>
    <subfield code="d">2011-02-15</subfield>
    <subfield code="e">Paragon Enterpries led.</subfield>
    <subfield code="l">0</subfield>
    <subfield code="o">R 423 ENG V-4 1991</subfield>
    <subfield code="r">2025-03-05 00:00:00</subfield>
    <subfield code="t">C-1</subfield>
    <subfield code="w">2025-03-05</subfield>
    <subfield code="y">BK</subfield>
  </datafield>
  <datafield tag="952" ind1=" " ind2=" ">
    <subfield code="0">0</subfield>
    <subfield code="1">0</subfield>
    <subfield code="2">ddc</subfield>
    <subfield code="4">0</subfield>
    <subfield code="7">1</subfield>
    <subfield code="a">RUCL</subfield>
    <subfield code="b">RUCL</subfield>
    <subfield code="c">REF</subfield>
    <subfield code="d">2011-02-15</subfield>
    <subfield code="e">Paragon Enterpries led.</subfield>
    <subfield code="l">0</subfield>
    <subfield code="o">R 423 ENG V-8 1991</subfield>
    <subfield code="r">2025-03-05 00:00:00</subfield>
    <subfield code="t">C-1</subfield>
    <subfield code="w">2025-03-05</subfield>
    <subfield code="y">BK</subfield>
  </datafield>
  <datafield tag="952" ind1=" " ind2=" ">
    <subfield code="0">0</subfield>
    <subfield code="1">0</subfield>
    <subfield code="2">ddc</subfield>
    <subfield code="4">0</subfield>
    <subfield code="7">1</subfield>
    <subfield code="a">RUCL</subfield>
    <subfield code="b">RUCL</subfield>
    <subfield code="c">REF</subfield>
    <subfield code="d">2011-02-15</subfield>
    <subfield code="e">Paragon Enterpries led.</subfield>
    <subfield code="l">0</subfield>
    <subfield code="o">R 423 ENG V-7 1991</subfield>
    <subfield code="r">2025-03-05 00:00:00</subfield>
    <subfield code="t">C-1</subfield>
    <subfield code="w">2025-03-05</subfield>
    <subfield code="y">BK</subfield>
  </datafield>
  <datafield tag="952" ind1=" " ind2=" ">
    <subfield code="0">0</subfield>
    <subfield code="1">0</subfield>
    <subfield code="2">ddc</subfield>
    <subfield code="4">0</subfield>
    <subfield code="7">1</subfield>
    <subfield code="a">RUCL</subfield>
    <subfield code="b">RUCL</subfield>
    <subfield code="c">REF</subfield>
    <subfield code="d">2011-02-15</subfield>
    <subfield code="e">Paragon Enterpries led.</subfield>
    <subfield code="l">0</subfield>
    <subfield code="o">R 423 ENG V-1 1991</subfield>
    <subfield code="r">2025-03-05 00:00:00</subfield>
    <subfield code="t">C-1</subfield>
    <subfield code="w">2025-03-05</subfield>
    <subfield code="y">BK</subfield>
  </datafield>
  <datafield tag="952" ind1=" " ind2=" ">
    <subfield code="0">0</subfield>
    <subfield code="1">0</subfield>
    <subfield code="2">ddc</subfield>
    <subfield code="4">0</subfield>
    <subfield code="7">1</subfield>
    <subfield code="a">RUCL</subfield>
    <subfield code="b">RUCL</subfield>
    <subfield code="c">REF</subfield>
    <subfield code="d">2011-02-15</subfield>
    <subfield code="e">Paragon Enterpries led.</subfield>
    <subfield code="l">0</subfield>
    <subfield code="o">R 423 ENG V-5 1991</subfield>
    <subfield code="r">2025-03-05 00:00:00</subfield>
    <subfield code="t">C-1</subfield>
    <subfield code="w">2025-03-05</subfield>
    <subfield code="y">BK</subfield>
  </datafield>
  <datafield tag="952" ind1=" " ind2=" ">
    <subfield code="0">0</subfield>
    <subfield code="1">0</subfield>
    <subfield code="2">ddc</subfield>
    <subfield code="4">0</subfield>
    <subfield code="7">1</subfield>
    <subfield code="a">RUCL</subfield>
    <subfield code="b">RUCL</subfield>
    <subfield code="c">REF</subfield>
    <subfield code="d">2011-02-15</subfield>
    <subfield code="e">Paragon Enterpries led.</subfield>
    <subfield code="l">0</subfield>
    <subfield code="o">R 423 ENG V-10 1991</subfield>
    <subfield code="r">2025-03-05 00:00:00</subfield>
    <subfield code="t">C-1</subfield>
    <subfield code="w">2025-03-05</subfield>
    <subfield code="y">BK</subfield>
  </datafield>
  <datafield tag="952" ind1=" " ind2=" ">
    <subfield code="0">0</subfield>
    <subfield code="1">0</subfield>
    <subfield code="2">ddc</subfield>
    <subfield code="4">0</subfield>
    <subfield code="7">1</subfield>
    <subfield code="a">RUCL</subfield>
    <subfield code="b">RUCL</subfield>
    <subfield code="c">REF</subfield>
    <subfield code="d">2011-02-17</subfield>
    <subfield code="e">Paragon Enterpries led.</subfield>
    <subfield code="l">0</subfield>
    <subfield code="o">R 423 ENG V-12 1991</subfield>
    <subfield code="r">2025-03-06 00:00:00</subfield>
    <subfield code="t">C-1</subfield>
    <subfield code="w">2025-03-06</subfield>
    <subfield code="y">BK</subfield>
  </datafield>
  <datafield tag="952" ind1=" " ind2=" ">
    <subfield code="0">0</subfield>
    <subfield code="1">0</subfield>
    <subfield code="2">ddc</subfield>
    <subfield code="4">0</subfield>
    <subfield code="7">1</subfield>
    <subfield code="a">RUCL</subfield>
    <subfield code="b">RUCL</subfield>
    <subfield code="c">REF</subfield>
    <subfield code="d">2011-02-17</subfield>
    <subfield code="e">Paragon Enterpries led.</subfield>
    <subfield code="l">0</subfield>
    <subfield code="o">R 423 ENG V-14 1991</subfield>
    <subfield code="r">2025-03-06 00:00:00</subfield>
    <subfield code="t">C-1</subfield>
    <subfield code="w">2025-03-06</subfield>
    <subfield code="y">BK</subfield>
  </datafield>
  <datafield tag="952" ind1=" " ind2=" ">
    <subfield code="0">0</subfield>
    <subfield code="1">0</subfield>
    <subfield code="2">ddc</subfield>
    <subfield code="4">0</subfield>
    <subfield code="7">1</subfield>
    <subfield code="a">RUCL</subfield>
    <subfield code="b">RUCL</subfield>
    <subfield code="c">REF</subfield>
    <subfield code="d">2020-03-17</subfield>
    <subfield code="e">Paragon Enterpries led.</subfield>
    <subfield code="l">0</subfield>
    <subfield code="o">R 423 ENG V-13 1991</subfield>
    <subfield code="r">2025-03-06 00:00:00</subfield>
    <subfield code="t">C-1</subfield>
    <subfield code="w">2025-03-06</subfield>
    <subfield code="y">BK</subfield>
  </datafield>
  <datafield tag="952" ind1=" " ind2=" ">
    <subfield code="0">0</subfield>
    <subfield code="1">0</subfield>
    <subfield code="2">ddc</subfield>
    <subfield code="4">0</subfield>
    <subfield code="7">1</subfield>
    <subfield code="a">RUCL</subfield>
    <subfield code="b">RUCL</subfield>
    <subfield code="c">REF</subfield>
    <subfield code="d">2011-02-17</subfield>
    <subfield code="e">Paragon Enterpries led.</subfield>
    <subfield code="l">0</subfield>
    <subfield code="o">R 423 ENG V-16 1991</subfield>
    <subfield code="r">2025-03-06 00:00:00</subfield>
    <subfield code="t">C-1</subfield>
    <subfield code="w">2025-03-06</subfield>
    <subfield code="y">BK</subfield>
  </datafield>
  <datafield tag="952" ind1=" " ind2=" ">
    <subfield code="0">0</subfield>
    <subfield code="1">0</subfield>
    <subfield code="2">ddc</subfield>
    <subfield code="4">0</subfield>
    <subfield code="7">1</subfield>
    <subfield code="a">RUCL</subfield>
    <subfield code="b">RUCL</subfield>
    <subfield code="c">REF</subfield>
    <subfield code="d">2011-03-17</subfield>
    <subfield code="e">Paragon Enterpries led.</subfield>
    <subfield code="l">0</subfield>
    <subfield code="o">R 423 ENG V-15 1991</subfield>
    <subfield code="r">2025-03-06 00:00:00</subfield>
    <subfield code="t">C-1</subfield>
    <subfield code="w">2025-03-06</subfield>
    <subfield code="y">BK</subfield>
  </datafield>
  <datafield tag="952" ind1=" " ind2=" ">
    <subfield code="0">0</subfield>
    <subfield code="1">0</subfield>
    <subfield code="2">ddc</subfield>
    <subfield code="4">0</subfield>
    <subfield code="7">1</subfield>
    <subfield code="a">RUCL</subfield>
    <subfield code="b">RUCL</subfield>
    <subfield code="c">Reading</subfield>
    <subfield code="d">2011-02-17</subfield>
    <subfield code="e">Paragon Enterpries led.</subfield>
    <subfield code="l">0</subfield>
    <subfield code="o">R 423 ENG V-18 1991</subfield>
    <subfield code="r">2025-03-06 00:00:00</subfield>
    <subfield code="t">C-1</subfield>
    <subfield code="w">2025-03-06</subfield>
    <subfield code="y">BK</subfield>
  </datafield>
  <datafield tag="952" ind1=" " ind2=" ">
    <subfield code="0">0</subfield>
    <subfield code="1">0</subfield>
    <subfield code="2">ddc</subfield>
    <subfield code="4">0</subfield>
    <subfield code="7">1</subfield>
    <subfield code="a">RUCL</subfield>
    <subfield code="b">RUCL</subfield>
    <subfield code="c">REF</subfield>
    <subfield code="d">2011-02-17</subfield>
    <subfield code="e">Paragon Enterpries led.</subfield>
    <subfield code="l">0</subfield>
    <subfield code="o">R 423 ENG V-17 1991</subfield>
    <subfield code="r">2025-03-06 00:00:00</subfield>
    <subfield code="t">C-1</subfield>
    <subfield code="w">2025-03-06</subfield>
    <subfield code="y">BK</subfield>
  </datafield>
  <datafield tag="952" ind1=" " ind2=" ">
    <subfield code="0">0</subfield>
    <subfield code="1">0</subfield>
    <subfield code="2">ddc</subfield>
    <subfield code="4">0</subfield>
    <subfield code="7">1</subfield>
    <subfield code="a">RUCL</subfield>
    <subfield code="b">RUCL</subfield>
    <subfield code="c">REF</subfield>
    <subfield code="d">2011-02-17</subfield>
    <subfield code="e">Paragon Enterpries led.</subfield>
    <subfield code="l">0</subfield>
    <subfield code="o">R 423 ENG V-19 1991</subfield>
    <subfield code="r">2025-03-06 00:00:00</subfield>
    <subfield code="t">C-1</subfield>
    <subfield code="w">2025-03-06</subfield>
    <subfield code="y">BK</subfield>
  </datafield>
</record>
